Statistics for Greatest actors in Hollywood 1950s (PART 1)

Click here to take the quiz!

General Stats

  • This quiz has been taken 69 times
  • The average score is 7 of 16

Answer Stats

Answer% Correct
John Wayne
94%
Humphrey Bogart
89%
James Stewart
85%
Kirk Douglas
73%
Gregory Peck
71%
Burt Lancaster
47%
Henry Fonda
47%
Rock Hudson
47%
Gene Kelly
39%
Gary Cooper
34%
Edward G. Robinson
29%
Anthony Quinn
24%
William Holden
21%
Clarke Gable
5%
Ward Bond
5%
Guy Williams
2%

Score Distribution

Percentile by Number Answered

Percent of People with Each Score

Your Score History

You have not taken this quiz